000 00305nam a2200109Ia 4500
008 200302s9999 xx 000 0 und d
100 _aR. P. Misra
245 _aRegional Planning Cibceots, Techniques, Policies and Case Studies
260 _bConcept Publishing Co. Ltd.
260 _c1992
300 _a896 P.,
999 _c5536
_d5536